Statistiques concernant Culture Générale - Série 813

Cliquez ici pour prendre le quiz!

Statistiques générales

  • Ce quiz a été pris 89 fois
  • Le résultat moyen est 7 sur 10

Statistiques - réponses

QuestionRéponse% Correct
Dans quel pays non francophone, Nikos Aliagas présentait-il le journal télévisé ?Grèce
99%
Quelle couleur, selon sa nuance, peut être "bouteille" ou "Véronèse" ?vert
96%
Quel mot désigne à la fois, l'enveloppe croustillante du pain, et un tableau de mauvaise qualité ?croûte
95%
Complétez cette phrase d'une chanson de Michel Delpech: "Pour un flirt avec toi, je ferais...n'importe quoi
95%
Quel mot désignant, le contraire d'un professionnel, est l'anagramme de "marteau" ?amateur
83%
Quel nom donne-t-on à l'empreinte d'un animal ou d'une plante, conservée dans des dépôts sédimentaires ?fossile
69%
Dans le film "Touchez pas au grisbi", réalisé en 1954 par Jacques Becker, quel ancien catcheur incarne "Angelo" ?Lino Ventura
48%
Dans le film "Un Indien dans la ville", quelle actrice interprète Charlotte, la compagne de Thierry Lhermitte, soucieuse de ses chakras ?Arielle Dombasle
36%
Dans le film "Le Docteur Jivago" , quel est le prénom de l'infirmière Antipova, incarnée par Julie Christie ?Lara
19%
Dans le film "Le Docteur Jivago" réalisé en 1965 par David Lean, quel est le prénom du docteur incarné par Omar Sharif ?Youri
14%

Distribution des résultats

Percentile par nombre de réponses

% des personnes avec chaque résultat

Votre développement - résultats

Vous n’avez pas pris ce quiz